[Event "2024 British Rapidplay Championship"]
[Site "Holiday Inn Peterborough - West"]
[Date "2024.03.02"]
[Round "5.91"]
[White "Hristov, Georgi"]
[Black "Ebbutt, Samuel"]
[Result "0-1"]
[WhiteFideId "5901766"]
[BlackFideId "343421644"]
[WhiteElo "1654"]
[BlackElo "1521"]
[EventDate "2024.03.02"]

1. d4 c6 2. Nf3 d6 3. c4 Bg4 4. h3 Bxf3 5. exf3 Nd7 6. Nc3 g6 7. Be3 Bg7 8. Be2 Ngf6
9. Qd2 O-O 10. Bh6 Qb6 11. Bxg7 Kxg7 12. b3 Qc7 13. O-O e5 14. Rfe1 Rfe8 15. d5 c5
16. Rac1 a6 17. a4 Ng8 18. Ne4 Ne7 19. Qc3 Nf5 20. f4 Nd4 21. Rcd1 Kf8 22. Bg4 exf4
23. Bxd7 Qxd7 24. Rxd4 cxd4 25. Qxd4 Re5 26. Qc3 Rae8 27. f3 f5 28. Nf6 Rxe1+ 29.
Kh2 Qe7 30. b4 Re5 31. Nxh7+ Qxh7 32. c5 dxc5 33. Qxc5+ Qe7 34. d6 Rxc5 35. dxe7+
Rxe7 36. bxc5 Rc7 37. g3 fxg3+ 38. Kxg3 Rxc5 39. Kf4 Rc4+ 40. Kg5 Kf7 41. f4 Rxa4
42. h4 b5 43. h5 gxh5 44. Kxh5 Kf6 45. Kh4 b4 46. Kg3 b3 47. Kh4 b2 48. Kg3 b1=Q
49. Kf3 Qd3+ 50. Kg2 Ra2+ 0-1

[Event "2024 British Rapidplay Championship"]
[Site "Holiday Inn Peterborough - West"]
[Date "2024.03.02"]
[Round "5.92"]
[White "Broomfield, Daniel"]
[Black "Singha, Swati"]
[Result "1-0"]
[WhiteFideId "343110840"]
[BlackFideId "45013004"]
[WhiteElo "1519"]
[BlackElo "1648"]
[EventDate "2024.03.02"]

1. e4 e5 2. Nc3 Nc6 3. Bc4 Nf6 4. d3 Bc5 5. Na4 Be7 6. f4 d5 7. exd5 Bg4 8. Nf3 Nxd5
9. h3 Bh4+ 10. Kf1 Bxf3 11. Qxf3 Nf6 12. Bb5 Nd7 13. Bxc6 bxc6 14. Qxc6 O-O 15. Qf3
Bf6 16. g4 exf4 17. Bxf4 Rb8 18. Rb1 Re8 19. Kg2 Be5 20. Rhf1 Bxf4 21. Qxf4 Re2+
22. Rf2 Rxf2+ 23. Qxf2 Qc8 24. Rf1 Qb7+ 25. Qf3 Qxf3+ 26. Rxf3 Rb4 27. b3 Ne5 28.
Re3 f6 29. c3 Rb8 30. d4 Ng6 31. Kg3 Rf8 32. Nc5 f5 33. Rf3 f4+ 34. Kf2 Nh4 35. Rd3
Re8 36. d5 f3 37. Ne6 h6 38. Kg3 f2 39. Kxf2 Re7 40. Kg3 Ng6 41. c4 Kf7 1-0

[Event "2024 British Rapidplay Championship"]
[Site "Holiday Inn Peterborough - West"]
[Date "2024.03.02"]
[Round "5.93"]
[White "Kulibaev, Richard"]
[Black "Veeturi, Yashvardhan"]
[Result "0-1"]
[WhiteFideId "343406050"]
[BlackFideId "343402496"]
[WhiteElo "1503"]
[BlackElo "1642"]
[EventDate "2024.03.02"]

1. e4 e6 2. d4 d5 3. e5 Bd7 4. Nf3 a6 5. Be2 Bb5 6. Nc3 Bxe2 7. Qxe2 c5 8. O-O Nc6
9. Rd1 Nge7 10. Na4 cxd4 11. Nxd4 Ng6 12. Nxc6 bxc6 13. Nc3 Qc7 14. Re1 Bc5 15. Be3
d4 16. Na4 dxe3 17. Nxc5 exf2+ 18. Qxf2 O-O 19. Nd3 Rfd8 20. Rf1 Rab8 21. Rab1 Rd5
22. Rbe1 Rb7 23. b3 Nxe5 24. Nxe5 Rxe5 25. Rxe5 Qxe5 26. Qd2 Qd5 27. Qf2 Rd7 28.
Qg3 Qd6 29. Qf2 Qd4 30. Qxd4 Rxd4 31. Rc1 Rd2 32. a4 Kf8 33. c3 Ke7 34. Kf1 e5 35.
Re1 Ke6 36. Re2 Rd3 37. Rc2 e4 38. Ke2 f5 39. b4 Kd5 40. c4+ Kd4 41. c5 Rb3 42. b5
axb5 43. Ra2 bxa4 44. Rxa4+ Kxc5 45. Ra5+ Rb5 46. Ra7 Rb2+ 47. Ke3 g6 48. Rxh7 Rxg2
49. h4 Kc4 50. Rc7 c5 51. Rc6 Rg4 52. Rf6 Rxh4 53. Rxg6 Rh5 54. Kf4 Kc3 55. Rg3+
Kd4 56. Rg1 c4 57. Rd1+ Kc3 58. Rc1+ Kb3 59. Ke3 c3 60. Kd4 c2 61. Ke3 Kb2 62. Rxc2+
Kxc2 63. Ke2 Rh3 64. Ke1 Rh2 65. Kf1 e3 66. Ke1 Kd3 67. Kf1 e2+ 68. Ke1 Rh1+ 69.
Kf2 e1=Q+ 0-1

[Event "2024 British Rapidplay Championship"]
[Site "Holiday Inn Peterborough - West"]
[Date "2024.03.02"]
[Round "5.94"]
[White "Hill, Callum"]
[Black "Butler, Rene"]
[Result "1-0"]
[WhiteFideId "343403913"]
[BlackFideId "486922"]
[WhiteElo "1635"]
[BlackElo "1497"]
[EventDate "2024.03.02"]

1. e4 c5 2. Nf3 d6 3. d4 cxd4 4. Nxd4 Nc6 5. c4 Nf6 6. Nc3 e5 7. Nb3 Be7 8. Be2 O-O
9. O-O a6 10. Be3 Bd7 11. f3 Rb8 12. Rc1 Re8 13. Qd2 Bf8 14. Rfd1 Qc7 15. Nd5 Nxd5
16. cxd5 Qd8 17. dxc6 Bxc6 18. Bxa6 bxa6 19. Rxc6 Ra8 20. Qd5 Qf6 21. Qc4 h5 22.
Rxa6 Rac8 23. Qd3 h4 24. h3 Qg6 25. Bc5 Qg5 26. Bxd6 Bxd6 27. Rxd6 Kh7 28. Qd2 Qe7
29. Rd5 Qa7+ 30. Kh1 Qxa2 31. Nc5 Qc4 32. Nd3 f5 33. Nxe5 fxe4 34. Nxc4 1-0

[Event "2024 British Rapidplay Championship"]
[Site "Holiday Inn Peterborough - West"]
[Date "2024.03.02"]
[Round "5.95"]
[White "Ou, Siyao"]
[Black "Bellano, Harry"]
[Result "0-1"]
[WhiteFideId "343405649"]
[BlackFideId "343430015"]
[WhiteElo "1480"]
[BlackElo "1632"]
[EventDate "2024.03.02"]

1. e4 e5 2. Nf3 Nc6 3. Bc4 Bc5 4. c3 Nf6 5. d3 a5 6. Bg5 h6 7. Bh4 O-O 8. O-O d6
9. Nbd2 Be6 10. Bb3 a4 11. Bxa4 g5 12. Bg3 Nh5 13. Kh1 f5 14. exf5 Bxf5 15. Bb3+
Kg7 16. Ne4 Nxg3+ 17. fxg3 Bxe4 18. dxe4 Na5 19. Be6 Bb6 20. b4 Nc6 21. a4 Qe7 22.
Bd5 Nd8 23. a5 Ba7 24. Qb3 Qf6 25. Nd2 Qe7 26. Rxf8 Qxf8 27. Rf1 Qe7 28. Qd1 c6 29.
Bc4 b5 30. Bb3 Ne6 31. Nf3 Rf8 32. Qd3 g4 33. Nh4 Rxf1+ 34. Qxf1 Qf6 35. Qxf6+ Kxf6
36. Nf5 Ng5 37. Nxh6 Nxe4 38. Nxg4+ Kg5 39. h3 Nxc3 40. Bc2 Nd5 41. Bd1 Nxb4 42.
h4+ Kf5 43. Nh6+ Kg6 44. Ng8 Nd5 45. Bf3 Kg7 46. Bxd5 cxd5 47. Ne7 d4 48. Nc6 d3
49. Nxa7 d2 50. Nxb5 d1=Q+ 51. Kh2 Qd5 52. Nc7 Qxa5 53. Ne8+ Kg6 54. Nxd6 Qd5 55.
Ne8 Qd7 56. h5+ Kf7 57. Nf6 Kxf6 58. g4 Qxg4 59. h6 Qh5+ 60. Kg3 Qxh6 61. Kg4 Qf4+
62. Kh3 e4 63. g3 Qf3 64. Kh4 e3 65. g4 Qxg4+ 66. Kxg4 e2 67. Kf3 e1=Q 68. Kf4 Qe5+
69. Kf3 Kf5 70. Kf2 Kf4 71. Kf1 Kg3 72. Kg1 Qe1# 0-1

[Event "2024 British Rapidplay Championship"]
[Site "Holiday Inn Peterborough - West"]
[Date "2024.03.02"]
[Round "5.96"]
[White "Wainwright, Charlie"]
[Black "Casti, Cristina"]
[Result "1-0"]
[WhiteFideId "343426310"]
[BlackFideId "2819045"]
[WhiteElo "1632"]
[BlackElo "1495"]
[EventDate "2024.03.02"]

1. d4 f5 2. e4 fxe4 3. Nc3 Nf6 4. Bg5 d5 5. Bxf6 exf6 6. Qh5+ g6 7. Qxd5 f5 8. Qe5+
Qe7 9. Qxh8 Nc6 10. Bb5 Bd7 11. d5 Nb4 12. Bxd7+ Kxd7 13. Kd1 Qh4 14. Qd4 Qg4+ 15.
Kd2 Bh6+ 16. Qe3 Bxe3+ 17. fxe3 Qxg2+ 18. Nge2 c6 19. Rag1 Qh3 20. dxc6+ Nxc6 21.
Nf4 Qh6 22. h4 Ne5 23. Kc1 Kc6 24. Nce2 Ng4 25. Nd4+ Kd6 26. Kd2 Ne5 27. h5 g5 28.
Nxf5+ Kc5 29. Nxh6 Nf3+ 30. Kc3 Nxg1 31. Ne6+ Kd6 32. Rxg1 Kxe6 33. Rxg5 Rc8+ 34.
Kb3 Kf6 35. Rf5+ Kg7 36. Ng4 Rc6 37. Re5 Rb6+ 38. Kc3 Rc6+ 39. Kd2 Rc4 40. b3 Rb4
41. c3 Rb6 42. Rxe4 Rd6+ 43. Rd4 1-0

[Event "2024 British Rapidplay Championship"]
[Site "Holiday Inn Peterborough - West"]
[Date "2024.03.02"]
[Round "5.97"]
[White "Chedd, Neil"]
[Black "Sriram, Gautam"]
[Result "1/2-1/2"]
[WhiteFideId "343422853"]
[BlackFideId "498491"]
[WhiteElo "1603"]
[BlackElo "1480"]
[EventDate "2024.03.02"]

1. d4 Nf6 2. e3 e6 3. Bd3 Be7 4. Nf3 d5 5. O-O O-O 6. Ne5 Nbd7 7. f4 c5 8. c3 c4
9. Bc2 Qc7 10. Nd2 b5 11. Ndf3 Bb7 12. Bd2 a6 13. Qe1 Ne4 14. Bxe4 dxe4 15. Ng5 Nxe5
16. dxe5 Bxg5 17. fxg5 Qxe5 1/2-1/2

[Event "2024 British Rapidplay Championship"]
[Site "Holiday Inn Peterborough - West"]
[Date "2024.03.02"]
[Round "5.98"]
[White "Brown, Chris"]
[Black "Mehta, Zara"]
[Result "1/2-1/2"]
[WhiteFideId "343412343"]
[BlackFideId "343401236"]
[WhiteElo "1623"]
[BlackElo "1125"]
[EventDate "2024.03.02"]

1. e4 e5 2. Nf3 Nc6 3. Bb5 Nf6 4. d3 d6 5. h3 Bd7 6. O-O Be7 7. Nc3 O-O 8. Bg5 h6
9. Bxf6 Bxf6 10. Ba4 Nd4 11. Bxd7 Qxd7 12. Nd5 Be7 13. c3 Ne6 14. Re1 Rac8 15. Qb3
Nc5 16. Qd1 c6 17. Ne3 Rc7 18. Nf5 Qe6 19. Kf1 Rd8 20. Qe2 Qg6 21. Rad1 Na4 22. d4
Qf6 23. dxe5 dxe5 24. Rxd8+ Bxd8 25. Rd1 Be7 26. Qc2 Nc5 27. b4 Ne6 28. a4 Nf4 29.
Ng3 Qe6 30. Qd2 Qc4+ 31. Kg1 Qe6 32. Nf5 Qg6 33. Ng3 Bf6 34. a5 b6 35. axb6 axb6
36. Qd6 Rc8 37. Qd2 c5 38. bxc5 bxc5 1/2-1/2

[Event "2024 British Rapidplay Championship"]
[Site "Holiday Inn Peterborough - West"]
[Date "2024.03.02"]
[Round "6.1"]
[White "Royal, Shreyas"]
[Black "Gasanov, Eldar"]
[Result "1/2-1/2"]
[WhiteFideId "448869"]
[BlackFideId "14104466"]
[WhiteElo "2331"]
[BlackElo "2391"]
[EventDate "2024.03.02"]

1. d4 d5 2. c4 e6 3. Nc3 c6 4. e3 Nf6 5. Nf3 a6 6. b3 Bb4 7. Bd2 Nbd7 8. Bd3 O-O
9. O-O Qe7 10. Qc2 h6 11. Rad1 Rd8 12. Ne2 Bxd2 13. Rxd2 e5 14. dxe5 Nxe5 15. Nxe5
Qxe5 16. cxd5 Nxd5 17. Nf4 Qf6 18. Nxd5 Rxd5 19. Bh7+ Kh8 20. Rxd5 cxd5 21. Bd3 Bd7
22. Rc1 g6 23. Qc3 Qxc3 24. Rxc3 Rc8 25. Rxc8+ Bxc8 26. Be2 Kg7 27. Bf3 Be6 28. Kf1
Kf6 29. Ke2 Ke5 30. Kd2 a5 31. Kc3 b6 32. Be2 g5 33. g3 g4 34. a3 Bd7 35. Bd3 f6
36. Bg6 Bb5 37. Kd2 Bc6 38. Kc3 Bb5 39. Bc2 Bd7 40. Bd3 Be6 41. Bb5 Bf5 42. Be2 Bd7
43. Bd3 Bc6 44. Be2 Bd7 45. Bd3 Bc6 46. Be2 Bd7 47. Bd3 1/2-1/2

[Event "2024 British Rapidplay Championship"]
[Site "Holiday Inn Peterborough - West"]
[Date "2024.03.02"]
[Round "6.2"]
[White "Willow, Jonah B"]
[Black "Han, Yichen"]
[Result "1/2-1/2"]
[WhiteFideId "438804"]
[BlackFideId "1054430"]
[WhiteElo "2295"]
[BlackElo "2334"]
[EventDate "2024.03.02"]

1. e4 e5 2. Nf3 Nc6 3. Bb5 a6 4. Ba4 Nf6 5. O-O Nxe4 6. d4 b5 7. Bb3 d5 8. dxe5 Be6
9. Qe2 Be7 10. Rd1 O-O 11. c4 bxc4 12. Bxc4 Nc5 13. Nc3 d4 14. Bxe6 fxe6 15. Ne4
Qd5 16. Nxc5 Bxc5 17. a3 Rad8 18. Rd3 Rf5 19. b4 Bb6 20. Bg5 Rdf8 21. Re1 Nxe5 22.
Nxe5 Rxg5 23. Nf3 Rg6 24. Qe4 Rd8 25. Ne5 Rf6 26. Ng4 Rg6 27. Ne5 Rg5 28. h4 Rf5
29. Nc6 Re8 30. a4 a5 31. g4 Qxe4 32. Rxe4 Rd5 33. bxa5 Bc5 34. Re5 Rxe5 35. Nxe5
Ra8 36. Rb3 Bd6 37. Nc6 Ra6 38. Nxd4 Rxa5 39. Nxe6 Rxa4 40. f3 Ra2 41. Ng5 Bc5+ 42.
Kf1 Ra8 43. h5 h6 44. Ne6 Bd6 45. Rc3 Ra7 46. Rd3 Ra2 47. Nd4 Ra1+ 48. Ke2 Ra2+ 49.
Kd1 Ra1+ 50. Kc2 Be5 51. Nf5 Ra2+ 52. Kb3 Ra6 53. Rd7 Rb6+ 54. Kc4 Bf6 55. Rxc7 Rb1
56. Kd3 Rb3+ 57. Ke2 Rb2+ 58. Ke1 Rb1+ 59. Kd2 Rb2+ 60. Rc2 Bg5+ 61. Kd3 Rb3+ 62.
Rc3 Rb7 63. Ra3 Kh7 64. Ra4 Rb3+ 65. Ke4 Rb1 66. f4 Bf6 67. Ne3 Be7 68. Nd5 Bc5 69.
Ra5 Bd6 70. Ra7 Kg8 71. Kf5 Re1 72. Rd7 Ba3 73. Ra7 Bc5 74. Ra5 Bd6 75. Ra6 Bf8 76.
Ra8 Kf7 77. Nc3 Rc1 78. Ne4 Rb1 79. Ra7+ Kg8 80. Ra5 Kf7 81. Nd2 Rb6 82. Nc4 Rf6+
83. Ke4 Bd6 84. Rf5 Be7 85. Rd5 Ra6 86. Ne5+ Ke6 87. Rd4 Ra1 88. Ng6 Re1+ 89. Kf3
Bc5 90. Ra4 Re3+ 91. Kg2 Re2+ 92. Kf1 Rf2+ 93. Ke1 Rg2 94. Ra6+ Kd5 95. Ne5 Ke4 96.
Ra4+ Ke3 97. Kd1 Rd2+ 98. Kc1 Rd4 99. Rxd4 Bxd4 100. Ng6 Kf3 101. g5 hxg5 102. fxg5
Be3+ 103. Kd1 Bxg5 104. Nf8 Kg4 105. Ne6 Kxh5 1/2-1/2

[Event "2024 British Rapidplay Championship"]
[Site "Holiday Inn Peterborough - West"]
[Date "2024.03.02"]
[Round "6.4"]
[White "Hebden, Mark L"]
[Black "Moreby, James E"]
[Result "1-0"]
[WhiteFideId "400084"]
[BlackFideId "427756"]
[WhiteElo "2436"]
[BlackElo "2248"]
[EventDate "2024.03.02"]

1. d4 Nf6 2. Bg5 c5 3. d5 Qb6 4. Nc3 Qxb2 5. Bd2 Qb6 6. e4 d6 7. Rb1 Qc7 8. f4 a6
9. a4 g6 10. Nf3 Bg7 11. Bc4 O-O 12. O-O Re8 13. e5 Ng4 14. Ng5 Nh6 15. e6 f5 16.
h3 b5 17. axb5 axb5 18. Nxb5 Qd8 19. g4 Na6 20. gxf5 gxf5 21. Kh2 Nc7 22. Nxc7 Qxc7
23. Rg1 Rf8 24. Qh5 Kh8 25. Bc3 Rf6 26. Nf7+ Nxf7 27. Rxg7 Nh6 28. Qxh6 Rxh6 29.
Rg6# 1-0

[Event "2024 British Rapidplay Championship"]
[Site "Holiday Inn Peterborough - West"]
[Date "2024.03.02"]
[Round "6.5"]
[White "Southcott-Moyers, Indy"]
[Black "Roberson, Peter T"]
[Result "0-1"]
[WhiteFideId "488542"]
[BlackFideId "412384"]
[WhiteElo "1993"]
[BlackElo "2401"]
[EventDate "2024.03.02"]

1. d4 Nf6 2. c4 e6 3. Nf3 c5 4. d5 d6 5. Nc3 exd5 6. cxd5 g6 7. h3 Bg7 8. Bf4 O-O
9. e3 Na6 10. Bc4 Re8 11. O-O Nc7 12. Re1 Ne4 13. Rc1 Rb8 14. a4 a6 15. a5 b5 16.
axb6 Rxb6 17. Nxe4 Rxe4 18. Nd2 Re8 19. b3 Nb5 20. Bxb5 axb5 21. e4 Ra6 22. Nf3 Bb7
23. e5 dxe5 24. Bxe5 Bf8 25. d6 Bxd6 26. Bxd6 Rxe1+ 27. Qxe1 Rxd6 28. Qe2 Re6 29.
Rd1 Rxe2 30. Rxd8+ Kg7 31. Rb8 Bxf3 32. gxf3 b4 33. Rc8 Rc2 34. Rc6 Rc3 35. Kg2 Kf8
36. Rc7 Ke8 37. h4 Kd8 38. Rxf7 Rxb3 39. Rxh7 c4 40. Rg7 c3 41. Rxg6 c2 42. Rc6 Rc3
0-1

[Event "2024 British Rapidplay Championship"]
[Site "Holiday Inn Peterborough - West"]
[Date "2024.03.02"]
[Round "6.6"]
[White "Dupuis, Denis K"]
[Black "Ledger, Andrew J"]
[Result "0-1"]
[WhiteFideId "452980"]
[BlackFideId "400610"]
[WhiteElo "1934"]
[BlackElo "2376"]
[EventDate "2024.03.02"]

1. e4 c6 2. d4 d5 3. exd5 cxd5 4. c4 Nf6 5. Nc3 Nc6 6. Nf3 a6 7. Bg5 Be6 8. Bxf6
exf6 9. Be2 g6 10. O-O Bg7 11. Rc1 O-O 12. cxd5 Bxd5 13. Nxd5 Qxd5 14. Bc4 Qd6 15.
Qb3 b5 16. Bd5 Rac8 17. Rfe1 Rc7 18. h3 Na5 19. Qa3 Qxa3 20. bxa3 Rd7 21. Rc5 Rfd8
22. Bb3 Bf8 23. Rc3 b4 24. Rce3 bxa3 25. Rd3 Rb7 26. Rb1 Rdb8 27. Nd2 f5 28. g3 h5
29. Kf1 Bh6 30. Ke2 Kg7 31. f4 h4 32. Kf3 hxg3 33. Kxg3 Re8 34. Rc1 Nxb3 35. Nxb3
Re2 36. Nc5 Rbb2 37. Rxa3 Rg2+ 38. Kh4 Bxf4 39. Rf1 Bg5# 0-1

[Event "2024 British Rapidplay Championship"]
[Site "Holiday Inn Peterborough - West"]
[Date "2024.03.02"]
[Round "6.7"]
[White "Boswell, Jacob Connor"]
[Black "Dougherty, Michael"]
[Result "0-1"]
[WhiteFideId "427110"]
[BlackFideId "2601559"]
[WhiteElo "2031"]
[BlackElo "2030"]
[EventDate "2024.03.02"]

1. d4 g6 2. c4 Bg7 3. Nf3 d6 4. g3 Nc6 5. Bg2 h5 6. O-O h4 7. d5 h3 8. Bh1 Ne5 9.
Nxe5 Bxe5 10. e4 c5 11. Qe2 Nf6 12. Nc3 Ng4 13. Bf3 Qd7 14. Nb5 Kf8 15. Nc7 Qxc7
16. Bxg4 Bxg4 17. Qxg4 a6 18. a4 Qc8 19. Qe2 Kg7 20. f4 Bd4+ 21. Be3 e5 22. dxe6
Bxe3+ 23. Qxe3 Qxe6 24. f5 Qxc4 25. f6+ Kg8 26. Rad1 Re8 27. Rf4 Qxa4 28. Rxd6 Qa1+
29. Rf1 Qxb2 30. Qxc5 Qg2# 0-1

[Event "2024 British Rapidplay Championship"]
[Site "Holiday Inn Peterborough - West"]
[Date "2024.03.02"]
[Round "6.8"]
[White "Derakhshani, Borna"]
[Black "Nawalaniec, Adam"]
[Result "0-1"]
[WhiteFideId "12518450"]
[BlackFideId "21023786"]
[WhiteElo "2286"]
[BlackElo "1977"]
[EventDate "2024.03.02"]

1. e4 c5 2. Nf3 d6 3. d4 cxd4 4. Nxd4 Nf6 5. Nc3 a6 6. Be2 e5 7. Nb3 Be7 8. Be3 Be6
9. Nd5 Nbd7 10. Qd3 Bxd5 11. exd5 O-O 12. g4 e4 13. Qd4 Ne5 14. Rg1 Qd7 15. g5 Nfg4
16. Qxe4 Nxe3 17. Qxe3 Rfe8 18. O-O-O Rac8 19. Kb1 b5 20. Nd4 Qc7 21. f4 Nc4 22.
Qf3 Bf8 23. Bxc4 Qxc4 24. Nc6 Re2 25. c3 Rce8 26. Qd3 Qxf4 27. Nd4 Rxh2 28. Ka1 Re3
29. Qb1 g6 30. Qc1 Bg7 31. Rdf1 Qe4 32. Re1 Bxd4 33. cxd4 Ree2 34. Rgf1 Qxd5 35.
Rd1 Rxb2 36. Qxb2 Rxb2 37. Kxb2 Qg2+ 38. Kb3 a5 39. Rg1 Qf3+ 40. Kc2 b4 41. Rd2 Qc3+
0-1

[Event "2024 British Rapidplay Championship"]
[Site "Holiday Inn Peterborough - West"]
[Date "2024.03.02"]
[Round "6.9"]
[White "Waldhausen Gordon, Frederick"]
[Black "Kanyamarala, Tarun"]
[Result "0-1"]
[WhiteFideId "2409143"]
[BlackFideId "45004714"]
[WhiteElo "2045"]
[BlackElo "2266"]
[EventDate "2024.03.02"]

1. d4 Nf6 2. c4 e6 3. Nf3 d5 4. Nc3 c5 5. cxd5 Nxd5 6. e4 Nxc3 7. bxc3 cxd4 8. cxd4
Bb4+ 9. Bd2 Bxd2+ 10. Qxd2 O-O 11. Bc4 Nd7 12. O-O b6 13. Rad1 Bb7 14. Rfe1 Rc8 15.
Bb3 h6 16. h3 Re8 17. d5 exd5 18. exd5 Rxe1+ 19. Rxe1 Nc5 20. d6 Bxf3 21. gxf3 Qf6
22. Qd5 Rd8 23. Rd1 Qg5+ 24. Qxg5 hxg5 25. Kg2 Nxb3 26. axb3 f6 27. b4 Kf7 28. Rc1
Ke6 29. Rc7 Rd7 30. Kg3 Rxc7 31. dxc7 Kd7 32. b5 Kxc7 33. h4 gxh4+ 34. Kxh4 a5 35.
bxa6 b5 36. Kh5 b4 37. Kg6 b3 38. Kxg7 b2 39. a7 Kb7 40. Kxf6 b1=Q 41. f4 Qb2+ 42.
Kg6 Qb6+ 43. Kg5 Qd8+ 44. Kg6 Qf8 45. f5 Kxa7 46. f6 Kb6 47. f7 Kc6 48. Kf6 Kd6 49.
f4 Qh6 50. Kf5 Ke7 51. Ke4 Kxf7 52. Kd3 Kf6 53. Kc3 Kf5 54. Kb3 Qc6 55. Kb4 Kxf4
56. Kb3 Qc5 57. Kb2 Qc4 58. Ka3 Qb5 59. Ka2 Ke3 60. Ka3 Kd2 61. Ka2 Kc2 62. Ka3 Qa5#
0-1

[Event "2024 British Rapidplay Championship"]
[Site "Holiday Inn Peterborough - West"]
[Date "2024.03.02"]
[Round "6.10"]
[White "Nicholas, Koichi B"]
[Black "Martin, Lewis"]
[Result "0-1"]
[WhiteFideId "409820"]
[BlackFideId "410551"]
[WhiteElo "1987"]
[BlackElo "2192"]
[EventDate "2024.03.02"]

1. e4 c6 2. d4 d5 3. Nc3 dxe4 4. Nxe4 Bf5 5. Ng3 Bg6 6. h4 h6 7. Nh3 e6 8. Nf4 Bh7
9. Nfh5 Nd7 10. Bc4 Ngf6 11. c3 Rg8 12. Bf4 Nd5 13. Qf3 Nxf4 14. Qxf4 Nb6 15. Be2
Bd6 16. Qf3 Qe7 17. Ne4 O-O-O 18. O-O Bc7 19. g3 f5 20. Nc5 e5 21. Ba6 bxa6 22. Qxc6
Rd5 23. dxe5 Rxc5 24. Qf3 Bxe5 25. Rfe1 Qc7 26. a4 g6 27. a5 Nd7 28. b4 Rxc3 29.
Qa8+ Qb8 30. Qd5 gxh5 31. Rac1 Qc7 32. Rxc3 Qxc3 33. Qa8+ Nb8 34. Re3 Rxg3+ 0-1

[Event "2024 British Rapidplay Championship"]
[Site "Holiday Inn Peterborough - West"]
[Date "2024.03.02"]
[Round "6.12"]
[White "Larchikov, Maksym"]
[Black "Dasgupta, Avyukt"]
[Result "1-0"]
[WhiteFideId "34120815"]
[BlackFideId "480630"]
[WhiteElo "1981"]
[BlackElo "1905"]
[EventDate "2024.03.02"]

1. d4 d5 2. c4 c6 3. Nf3 Nf6 4. Nc3 a6 5. a4 g6 6. e3 Bg7 7. Bd3 Bg4 8. h3 Bf5 9.
Qc2 Bxd3 10. Qxd3 O-O 11. O-O dxc4 12. Qxc4 Nbd7 13. e4 Re8 14. e5 Nd5 15. Nxd5 cxd5
16. Qb4 Qb6 17. Bd2 e6 18. Rfc1 Rac8 19. b3 Qxb4 20. Bxb4 f6 21. exf6 Bxf6 22. Bd6
Red8 23. Bc7 Re8 24. Bf4 Kg7 25. g4 h6 26. h4 Be7 27. Kg2 Rf8 28. Bg3 Bb4 29. Bc7
Kh7 30. g5 h5 31. Ne5 Nxe5 32. Bxe5 Bd2 33. Rxc8 Rxc8 34. Ra2 Bc1 35. b4 b6 36. b5
a5 37. Re2 Kg8 38. Ra2 Rc4 39. Kf1 Rc3 40. Bd6 Kf7 41. Ke2 Ke8 42. Kd1 Kd7 43. Bf8
Bf4 44. Bg7 Rc4 45. Ke2 Rc1 46. Bf6 Bc7 47. Ra3 Rh1 48. Rf3 Rxh4 49. Bg7 Rf4 50.
Rc3 Rf5 51. Bf6 Rf4 52. Rxc7+ 1-0

[Event "2024 British Rapidplay Championship"]
[Site "Holiday Inn Peterborough - West"]
[Date "2024.03.02"]
[Round "6.13"]
[White "Banerjee, Supratit"]
[Black "Kanyamarala, Trisha"]
[Result "0-1"]
[WhiteFideId "2410079"]
[BlackFideId "45004722"]
[WhiteElo "1962"]
[BlackElo "2073"]
[EventDate "2024.03.02"]

1. e4 c5 2. c3 Nf6 3. e5 Nd5 4. d4 cxd4 5. cxd4 Nc6 6. Nf3 d6 7. Bc4 dxe5 8. Bxd5
Qxd5 9. Nc3 Qd6 10. d5 Nd4 11. Nxd4 exd4 12. Qxd4 e5 13. Qc4 Qb4 14. Qxb4 Bxb4 15.
O-O O-O 16. Be3 Rd8 17. Rfd1 Bf5 18. Rac1 Rd7 19. f3 h6 20. g4 Bg6 21. a3 Be7 22.
Kg2 f5 23. h3 e4 24. fxe4 fxe4 25. Ne2 Rad8 26. Nf4 Bf7 27. Bxa7 g5 28. Ne2 Bxd5
29. Be3 Bf6 30. Nc3 Bc6 31. Rf1 Kg7 32. Rce1 Rd3 33. Nd1 Ba4 34. Nf2 Rb3 35. Nh1
Rxb2+ 36. Kg1 Be5 37. Bf2 Bb5 38. Rxe4 Bxf1 39. Rxe5 Bxh3 40. Re1 Bxg4 41. Ng3 Rb3
42. Ne4 Rd1 43. Rxd1 Bxd1 44. a4 Rb1 45. Nc3 Ra1 46. Bd4+ Kg6 47. Kf2 Bxa4 48. Be3
Bc6 49. Bd4 Ra8 50. Ne2 b5 51. Bc3 Bd5 52. Nd4 Bc4 53. Ke3 h5 54. Nf3 h4 55. Bd2
Re8+ 56. Kd4 Rd8+ 57. Ke3 h3 58. Kf2 g4 59. Ne5+ Kf5 60. Nxc4 bxc4 61. Ba5 Ra8 62.
Bb4 Rb8 63. Ba5 Rb2+ 64. Kg3 c3 65. Bxc3 Rb3 66. Kh2 Rxc3 67. Kg1 g3 68. Kf1 Rc1+
69. Ke2 h2 70. Kf3 h1=Q+ 71. Kxg3 Rc3+ 72. Kf2 Qh2+ 73. Ke1 Rc1# 0-1

[Event "2024 British Rapidplay Championship"]
[Site "Holiday Inn Peterborough - West"]
[Date "2024.03.02"]
[Round "6.14"]
[White "Cancedda-Dupuis, Livio"]
[Black "Hng, Mei-En Emmanuelle"]
[Result "1/2-1/2"]
[WhiteFideId "499447"]
[BlackFideId "5804566"]
[WhiteElo "1960"]
[BlackElo "1974"]
[EventDate "2024.03.02"]

1. d4 Nf6 2. c4 e6 3. Nc3 c5 4. e3 Be7 5. Nf3 O-O 6. Bd3 d5 7. O-O Nc6 8. Re1 a6
9. b3 Qc7 10. Ba3 b6 11. dxc5 bxc5 12. Rc1 Rd8 13. Qe2 Bb7 14. cxd5 exd5 15. e4 c4
16. Bxe7 Qxe7 17. bxc4 dxc4 18. Bxc4 Nd4 19. Nxd4 Rxd4 20. e5 Ng4 21. h3 Nxe5 22.
Bxf7+ Qxf7 23. Qxe5 Rd2 24. Qg3 Rf8 25. f3 h5 26. Ne4 Bxe4 27. Rc7 Qg6 28. Qxg6 Bxg6
29. Re6 Bf7 30. Rxa6 Rxa2 31. Raa7 Rxa7 32. Rxa7 Rb8 33. Kh2 Rb2 34. h4 Bc4 35. Ra1
Kf7 36. Kg3 Kf6 37. Rc1 Rb4 38. Rc2 Be6 39. Rd2 g5 40. hxg5+ Kxg5 41. Re2 h4+ 42.
Kh2 Bf5 43. g3 Rb3 44. Rf2 h3 45. g4 Bxg4 46. fxg4 Kxg4 47. Rf8 Rb2+ 48. Kh1 Rb4
49. Kh2 Rb2+ 50. Kh1 Rb5 51. Rg8+ Kf3 52. Kh2 Rf5 53. Rg3+ Kf2 54. Kxh3 Rf8 55. Rg2+
Kf3 56. Rg3+ Kf2 57. Rg2+ Kf1 58. Rg5 Kf2 59. Rg2+ 1/2-1/2

[Event "2024 British Rapidplay Championship"]
[Site "Holiday Inn Peterborough - West"]
[Date "2024.03.02"]
[Round "6.15"]
[White "Gormally, Daniel W"]
[Black "Fellowes, Billy"]
[Result "1-0"]
[WhiteFideId "406465"]
[BlackFideId "483540"]
[WhiteElo "2463"]
[BlackElo "1959"]
[EventDate "2024.03.02"]

1. d4 Nf6 2. c4 g6 3. Nc3 Bg7 4. e4 d6 5. f3 O-O 6. Nge2 Nbd7 7. Be3 c5 8. d5 a6
9. a4 h6 10. Qd2 Kh7 11. a5 Ne5 12. Nc1 b6 13. axb6 Qxb6 14. Be2 Rb8 15. b3 h5 16.
O-O Ng8 17. Rb1 Nf6 18. h3 Ned7 19. f4 a5 20. Nd3 Qc7 21. Kh1 Ba6 22. e5 Ng8 23.
Ne4 Nh6 24. e6 Nf6 25. Ng5+ Kh8 26. exf7 Bc8 27. Ne6 Bxe6 28. dxe6 Qc8 29. f5 Nxf5
30. Rxf5 gxf5 31. Nf4 a4 32. Bd3 Rxb3 33. Rxb3 axb3 34. Bxf5 Rxf7 35. Ng6+ 1-0

[Event "2024 British Rapidplay Championship"]
[Site "Holiday Inn Peterborough - West"]
[Date "2024.03.02"]
[Round "6.16"]
[White "Wells, Peter K"]
[Black "Kothari, Jai"]
[Result "1-0"]
[WhiteFideId "400327"]
[BlackFideId "477117"]
[WhiteElo "2440"]
[BlackElo "1908"]
[EventDate "2024.03.02"]

1. d4 Nf6 2. Nf3 c5 3. d5 b5 4. Bg5 e6 5. e4 Qa5+ 6. Qd2 Qxd2+ 7. Nbxd2 a6 8. a4
b4 9. Bxf6 gxf6 10. Nc4 Bb7 11. Nb6 Ra7 12. a5 Bh6 13. Bc4 Ke7 14. O-O d6 15. Rad1
Nd7 16. dxe6 fxe6 17. Rxd6 Kxd6 18. Rd1+ Bd5 19. exd5 e5 20. Nh4 Kc7 21. d6+ Kd8
22. Bd5 Nb8 23. Nf5 Bf8 24. g3 h5 25. c3 bxc3 26. bxc3 h4 27. Rb1 Rh5 28. g4 Rxf5
29. gxf5 Bxd6 30. Be6 Rg7+ 31. Kf1 Nc6 32. Rd1 Nd4 33. cxd4 exd4 34. h3 Rb7 35. Bd5
Re7 36. Bc4 Be5 37. Re1 Ra7 38. Re4 Rh7 39. f4 Bd6 40. Re6 Bxf4 41. Rxf6 Bd2 42.
Nd5 Rg7 43. Rxa6 Rg5 44. f6 d3 45. Ra8+ Kd7 46. Bb5+ Kd6 47. Rd8+ Ke5 48. a6 Rf5+
49. Kg2 Rg5+ 50. Kh1 Ba5 51. a7 d2 52. Ne3 Bxd8 53. a8=Q Bxf6 54. Qd5+ Kf4 55. Qxd2
Ke4 56. Bc6+ Ke5 57. Ng4+ Ke6 58. Qd7# 1-0